00418 2200145 4500245009500000020002200095250001100117100002000128650001300148005001900161260003900180041001400219084000800233300003100241 aMental Therapeuticsb : Cara Mengobati Diri Sendiri Dan Orang LaincTheron Q.DumonthText a978-623-7778-50-9 aCet. 3 aTheron Q.Dumont aMotivasi a20250915095559 aYogyakartabBright Publisherc2020 aIndonesia a100 avi+226 hlm :c13,5 * 20cm.